Statistics for All Pokémon Regional Forms

Click here to take the quiz!

General Stats

  • This quiz has been taken 17 times
    (13 since last reset)
  • The average score is 60 of 69

Answer Stats

RegionPokémon1st Type2nd Type% Correct
HisuiArcanineFireRock
100%
AlolaDiglettGroundSteel
100%
AlolaDugtrioGroundSteel
100%
AlolaExeggutorGrassDragon
100%
AlolaGeodudeRockElectric
100%
AlolaGolemRockElectric
100%
AlolaGravelerRockElectric
100%
HisuiGrowlitheFireRock
100%
AlolaMarowakFireGhost
100%
AlolaMeowthDark
100%
GalarMeowthSteel
100%
GalarMr. MimeIcePsychic
100%
AlolaNinetalesIceFairy
100%
AlolaPersianDark
100%
AlolaRaichuElectricPsychic
100%
AlolaRattataDarkNormal
100%
AlolaRatticateDarkNormal
100%
AlolaSandshrewIceSteel
100%
AlolaSandslashIceSteel
100%
AlolaVulpixIce
100%
GalarArticunoPsychicFlying
91%
HisuiBasculinWater
91%
PaldeaClodsirePoisonGround
91%
AlolaGrimerPoisonDark
91%
GalarMoltresDarkFlying
91%
GalarMr. RimeIcePsychic
91%
AlolaMukPoisonDark
91%
GalarPerrserkerSteel
91%
PaldeaTauros
Aqua Breed
FightingWater
91%
PaldeaTauros
Blaze Breed
FightingFire
91%
PaldeaTauros
Combat Breed
Fighting
91%
HisuiVoltorbElectricGrass
91%
PaldeaWooperPoisonGround
91%
GalarZapdosFightingFlying
91%
HisuiZoroarkNormalGhost
91%
HisuiZoruaNormalGhost
91%
HisuiBasculegionWaterGhost
82%
GalarDarmanitan
Standard Mode
Ice
82%
GalarDarmanitan
Zen Mode
Ice
82%
GalarDarumakaIce
82%
HisuiDecidueyeGrassFighting
82%
HisuiElectrodeElectricGrass
82%
GalarFarfetch'dFighting
82%
HisuiLilligantGrassFighting
82%
GalarLinooneDarkNormal
82%
GalarObstagoonDarkNormal
82%
GalarRunerigusGroundGhost
82%
HisuiSamurottWaterDark
82%
GalarSirfetch'dFighting
82%
HisuiSneaselFightingPoison
82%
HisuiSneaslerFightingPoison
82%
HisuiTyphlosionFireGhost
82%
GalarWeezingPoisonFairy
82%
GalarYamaskGroundGhost
82%
GalarZigzagoonDarkNormal
82%
HisuiAvaluggIceRock
73%
HisuiBraviaryPsychicFlying
73%
GalarCorsolaGhost
73%
GalarCursolaGhost
73%
HisuiGoodraSteelDragon
73%
GalarPonytaPsychic
73%
GalarRapidashPsychicFairy
73%
HisuiSliggooSteelDragon
73%
GalarSlowbroPoisonPsychic
73%
GalarSlowkingPoisonPsychic
73%
GalarSlowpokePsychic
73%
HisuiOverqwilDarkPoison
64%
HisuiQwilfishDarkPoison
64%
GalarStunfiskGroundSteel
36%

Score Distribution

Percentile by Number Answered

Percent of People with Each Score

Your Score History

You have not taken this quiz since the last reset